[Event "Challenge"]
[Site "http://www.queenalice.com/game.php?id=135234"]
[Date "2006.11.30"]
[Round "-"]
[White "wishyouwherehere"]
[Black "MurdLit"]
[Result "1-0"]
[WhiteElo "1848"]
[BlackElo "1895"]

1. c4 c5 2. Nc3 Nc6 3. g3 g6 4. Bg2 Bg7 5. Nf3 Nf6 6. O-O O-O 7. d4 cxd4 8. Nxd4
Nxd4 9. Qxd4 d6 10. Qd3 a6 11. Bd2 Rb8 12. Rfd1 1-0

[Event "Challenge"]
[Site "http://www.queenalice.com/game.php?id=141603"]
[Date "2006.12.14"]
[Round "-"]
[White "sbirulino"]
[Black "wishyouwherehere"]
[Result "1-0"]
[WhiteElo "1921"]
[BlackElo "1848"]

1. d4 Nc6 2. d5 Ne5 3. e4 c6 4. Nc3 cxd5 5. Bf4 f6 6. Bxe5 fxe5 7. Qh5+ g6 8.
Qxe5 Nf6 9. Nxd5 d6 10. Qc3 Bg7 11. Nc7+ 1-0

[Event "Challenge"]
[Site "http://www.queenalice.com/game.php?id=147342"]
[Date "2006.12.28"]
[Round "-"]
[White "sbirulino"]
[Black "wishyouwherehere"]
[Result "1-0"]
[WhiteElo "1990"]
[BlackElo "1866"]

1. d4 f5 2. h3 Nc6 3. d5 Ne5 4. Qd4 Nf7 5. Nf3 d6 6. Nc3 b6 7. Bf4 e5 8. dxe6
Bxe6 9. O-O-O Nf6 10. e4 Be7 11. Bb5+ Bd7 12. Bxd7+ Qxd7 13. exf5 Qxf5 14. g4
Qd7 15. g5 Nh5 16. Be3 O-O 17. Qh4 g6 18. Nd5 c6 19. Qg4 Qd8 20. Nb4 Rc8 21. Kb1
a5 22. Nd3 d5 23. h4 h6 24. gxh6 Nxh6 25. Qxg6+ Kh8 26. Qxh6+ Kg8 27. Rhg1+ Ng7
28. Rxg7# 1-0

[Event "Challenge"]
[Site "http://www.queenalice.com/game.php?id=147345"]
[Date "2006.12.28"]
[Round "-"]
[White "wishyouwherehere"]
[Black "carlosfed"]
[Result "1/2-1/2"]
[WhiteElo "1886"]
[BlackElo "1985"]

1. e4 e5 2. Nf3 Nf6 3. Nxe5 Qe7 4. d4 d6 5. Nf3 Nxe4 6. Be2 Bf5 7. O-O Nd7 8.
Re1 h6 9. Bd3 d5 10. Nfd2 Be6 11. Nxe4 dxe4 12. Bxe4 O-O-O 13. Qf3 Bd5 14. Nc3
Bxe4 15. Nxe4 Qe6 16. Bd2 Qd5 17. Qd3 Nb6 18. c3 f5 19. Ng3 g6 20. Bf4 Bd6 21.
Bxd6 Qxd6 22. a4 Rhe8 23. b3 Nd5 24. Qd2 Qf4 25. Qxf4 Nxf4 26. Rad1 Kd7 27. Re5
Kd6 28. c4 c6 29. Kf1 b6 30. a5 h5 31. axb6 axb6 32. b4 Ra8 33. c5+ bxc5 34.
bxc5+ Kd7 35. Rxe8 Rxe8 36. Ra1 h4 37. Ra7+ Ke6 38. Ne2 Nd3 39. Ra3 Rb8 40. Rxd3
Rb1+ 41. Nc1 Rxc1+ 42. Ke2 Kd5 43. Rd2 g5 44. g3 Rh1 45. gxh4 gxh4 46. Ke3 Rxh2
47. Kf3 Rh3+ 48. Kf4 Rh1 49. Kxf5 Rg1 50. f3 h3 51. Rh2 Kxd4 52. Rxh3 Kxc5 53.
f4 Kd4 54. Rh7 c5 55. Rd7+ Kc3 56. Ke4 Re1+ 57. Kf3 c4 58. Kf2 Re8 59. Kf3 Kc2
60. f5 c3 61. f6 Rf8 62. f7 Kc1 63. Ke3 c2 64. Kd3 Rc8 65. Rc7 Rd8+ 66. Ke2 Kb1
67. Rb7+ Kc1 68. Rd7 Rf8 69. Re7 Kb1 70. Rb7+ Kc1 71. Ke1 Rd8 72. Re7 Rf8 73.
Rb7 Rd8 74. Ke2 Rf8 1/2-1/2

[Event "Challenge"]
[Site "http://www.queenalice.com/game.php?id=161599"]
[Date "2007.1.31"]
[Round "-"]
[White "wishyouwherehere"]
[Black "bronenosec"]
[Result "0-1"]
[WhiteElo "1886"]
[BlackElo "2083"]

1. c4 c5 2. Nc3 Nf6 3. d4 cxd4 4. Qxd4 Nc6 5. Qd3 Ne5 6. Qd1 Qa5 7. Bd2 Nxc4 8.
b3 Nxd2 9. Qxd2 e6 10. Rc1 Bb4 11. e3 Ne4 12. Qd4 Nxc3 0-1

[Event "Enrico"]
[Site "http://www.queenalice.com/game.php?id=164081"]
[Date "2007.2.6"]
[Round "2"]
[White "bohinky"]
[Black "wishyouwherehere"]
[Result "1/2-1/2"]
[WhiteElo "2116"]
[BlackElo "1890"]

1. d4 Nf6 2. c4 g6 3. Nc3 Bg7 4. e4 O-O 5. e5 Ne8 6. Nf3 d6 7. Be3 Nc6 8. Be2
dxe5 9. d5 Nb8 10. O-O c6 11. dxc6 Qxd1 12. Raxd1 Nxc6 13. Nd5 f5 14. Rfe1 e6
15. Nc3 e4 16. Nd4 f4 17. Nxc6 fxe3 18. Ne7+ Kf7 19. Nxc8 exf2+ 20. Kxf2 Bxc3
21. bxc3 Rxc8 22. Rd7+ Kg8+ 23. Ke3 Rf7 24. Red1 Nf6 25. R7d6 e5 26. Re6 Rc5 27.
g4 h6 28. a4 Kg7 29. Rdd6 Ra5 30. Bd1 g5 31. h3 Rc5 32. Bb3 b6 33. Ba2 Kg6
1/2-1/2

[Event "Torneo Italiano"]
[Site "http://www.queenalice.com/game.php?id=172028"]
[Date "2007.2.21"]
[Round "1"]
[White "wishyouwherehere"]
[Black "schibu"]
[Result "0-1"]
[WhiteElo "1886"]
[BlackElo "2009"]

1. e4 e6 2. d4 d5 3. Nc3 Nf6 4. e5 Nfd7 5. Nf3 c5 6. dxc5 Nc6 7. Bg5 Be7 8. Bxe7
Qxe7 9. Bb5 O-O 10. Qe2 a6 11. Bxc6 bxc6 12. Qe3 Rb8 13. b3 a5 14. Na4 Ba6 15.
Nd4 Rfc8 16. f4 Bb5 17. Nc3 Nxc5 18. Nce2 Qh4+ 19. g3 Qe7 20. O-O Ne4 21. c4 Ba6
22. Rfd1 c5 23. Nf3 Qb7 24. Rac1 d4 25. Qd3 Qc6 26. Rb1 Rd8 27. a3 Bb7 28. Rf1
f5 29. Rb2 g5 30. b4 cxb4 31. Nfxd4 Qc5 32. axb4 axb4 33. Qe3 g4 34. Rfb1 Nc3
35. Nxf5 Qxe3+ 36. Nxe3 Nxb1 37. Rxb1 Rd2 38. Kf1 Bf3 39. Ng1 b3 40. Nxf3 gxf3
41. c5 Ra8 42. c6 Rxh2 43. Kg1 Re2 44. Nc4 Rg2+ 45. Kf1 Rh2 46. Re1 Raa2 47. c7
Rh1# 0-1

[Event "Challenge"]
[Site "http://www.queenalice.com/game.php?id=199939"]
[Date "2007.4.20"]
[Round "-"]
[White "wishyouwherehere"]
[Black "pyramidal"]
[Result "1-0"]
[WhiteElo "1899"]
[BlackElo "1904"]

1. Nf3 c5 2. g3 Nc6 3. Bg2 e6 4. e4 Qc7 5. Nc3 a6 6. d3 Nf6 7. Bg5 Be7 8. O-O
O-O 9. a4 d6 10. d4 cxd4 11. Nxd4 Rd8 12. Be3 e5 13. Nde2 Nb4 14. a5 Qd7 15. Na4
b5 16. Nb6 Qc6 17. c3 Ng4 18. Nxa8 Qxa8 19. cxb4 Nxe3 20. fxe3 Bg5 21. Ra3 Qa7
22. Qd2 Bb7 23. h4 Bh6 24. Rd3 g6 25. Kh2 f5 26. Rxd6 Rxd6 27. Qxd6 Bxe3 28. Rd1
f4 29. Qd8+ 1-0

[Event "Torneo Italiano"]
[Site "http://www.queenalice.com/game.php?id=215926"]
[Date "2007.5.24"]
[Round "2"]
[White "argelo"]
[Black "wishyouwherehere"]
[Result "1/2-1/2"]
[WhiteElo "1756"]
[BlackElo "1937"]

1. Nf3 Nf6 2. g3 b6 3. Bg2 Bb7 4. O-O e6 5. c4 Be7 6. d4 O-O 7. Nc3 Ne4 8. Qc2
Nxc3 9. Qxc3 c5 10. Rd1 d6 11. Qd3 Nc6 12. Bf4 Qc8 13. a3 Nxd4 14. Nxd4 cxd4 15.
Bd2 Bxg2 16. Kxg2 Qc6+ 17. Kg1 Bf6 18. b3 a5 19. a4 Rac8 20. Rac1 Rfe8 21. f3 g6
22. Kf2 e5 23. Qe4 Qd7 24. Kg2 Rc5 25. Bh6 Be7 26. Rf1 g5 27. Qg4 Qe6 28. Qxe6
fxe6 29. h4 gxh4 30. Rg1 Kf7 31. Kh3 hxg3 32. Rxg3 Bf6 33. Rg4 Rcc8 34. Rd1 d5
35. Rc1 dxc4 36. bxc4 Rg8 37. Rxg8 Kxg8 38. Kg4 Kf7 39. Kh3 Be7 1/2-1/2

[Event "BOARD 3,DIV.F"]
[Site "http://www.queenalice.com/game.php?id=302407"]
[Date "2007.11.11"]
[Round "1"]
[White "ray"]
[Black "wishyouwherehere"]
[Result "0-1"]
[WhiteElo "1596"]
[BlackElo "1932"]

1. c4 Nf6 2. Nc3 g6 3. g3 Bg7 4. Bg2 O-O 5. Nf3 d6 6. O-O Nc6 7. d4 Bg4 8. Bg5
Nd7 9. h3 Bxf3 10. Bxf3 Nxd4 11. Bxb7 Rb8 12. Bg2 Rxb2 13. Nd5 Re8 14. Rb1 Rxb1
15. Qxb1 Nxe2+ 16. Kh2 h6 17. Be3 c5 18. Qc2 Nd4 19. Bxd4 cxd4 20. Rd1 Qa5 21.
Qc1 e6 22. Nf4 Qxa2 23. Ne2 Qxe2 24. Rf1 Nc5 25. f4 d3 26. Re1 d2 0-1

[Event "Torneo Italiano"]
[Site "http://www.queenalice.com/game.php?id=477311"]
[Date "2008.10.14"]
[Round "4"]
[White "pumamercedino"]
[Black "wishyouwherehere"]
[Result "1/2-1/2"]
[WhiteElo "2358"]
[BlackElo "1957"]

1. d4 Nf6 2. c4 e6 3. Nc3 d5 4. cxd5 exd5 5. Bg5 c6 6. Qc2 Na6 7. a3 h6 8. Bh4
Bd6 9. e3 O-O 10. Bd3 Re8 11. Nge2 Nc7 12. Bg3 b6 13. O-O c5 14. dxc5 bxc5 15.
Rfd1 Bxg3 16. Nxg3 Bd7 17. h3 Qe7 18. Rac1 Rad8 19. Nce2 c4 20. Bf5 Nb5 21. Nf4
Bc6 22. Nge2 Rb8 23. Bg4 Qe5 24. Nd4 Nxd4 25. Rxd4 Rb6 1/2-1/2

[Event "BOARD 3,DIV.F"]
[Site "http://www.queenalice.com/game.php?id=480530"]
[Date "2008.10.21"]
[Round "3"]
[White "wishyouwherehere"]
[Black "modestyblase"]
[Result "1-0"]
[WhiteElo "1971"]
[BlackElo "2268"]

1. d4 d5 2. c4 dxc4 3. Nf3 a6 4. e3 b5 5. a4 Bb7 6. axb5 axb5 7. Rxa8 Bxa8 8. b3
e6 9. bxc4 c5 10. cxb5 Nd7 11. Be2 Ngf6 12. O-O cxd4 13. Nxd4 Bc5 14. Ba3 Bxa3
15. Nxa3 O-O 16. Qc1 Bd5 17. Nc6 Qb6 18. Ne7+ Kh8 19. Nxd5 exd5 20. Qc3 Qb8 21.
Rc1 h6 22. Qb2 Nb6 23. Nc2 Rc8 24. Nd4 Nfd7 25. Rxc8+ Qxc8 26. Nf5 f6 27. Qb4
Qc1+ 28. Bf1 Qc5 29. Qg4 Qf8 30. Be2 Ne5 31. Qd4 Ned7 32. h4 Qe8 33. Bd1 g6 34.
Nxh6 Kg7 35. Ng4 Qe4 36. Bf3 Qxd4 37. exd4 f5 38. Ne3 Nf6 39. Kh2 f4 40. Nd1 Kh6
41. Nc3 g5 42. Kh3 Kg6 43. g3 Kf5 44. hxg5 Kxg5 45. g4 1-0

[Event "Torneo Italia-Argentina Match1"]
[Site "http://www.queenalice.com/game.php?id=501171"]
[Date "2008.12.1"]
[Round "-"]
[White "wishyouwherehere"]
[Black "pajabraba69"]
[Result "1-0"]
[WhiteElo "2033"]
[BlackElo "2015"]

1. d4 Nf6 2. c4 d6 3. Nc3 Bf5 4. e4 Bxe4 5. Nxe4 Nxe4 6. Bd3 Nf6 7. Nf3 e6 8.
O-O g6 9. Re1 Bg7 10. Qb3 b6 11. Bg5 O-O 12. Rad1 Qc8 13. Bc2 Nbd7 14. Qa3 Re8
15. Ba4 a6 16. Bc6 Rb8 17. h3 h6 18. Bf4 Rd8 19. Rc1 a5 20. Be3 e5 21. Qc3 Nf8
22. dxe5 dxe5 23. Nxe5 N6d7 24. Bf4 Nxe5 25. Bxe5 Bxe5 26. Rxe5 Ne6 27. Rce1 Kh7
28. Bd5 Re8 29. R1e4 c6 30. Bxe6 fxe6 31. Qe3 Qd7 32. Rxe6 Rxe6 33. Rxe6 Rb7 34.
f4 Qf7 35. Rxc6 Re7 36. Qd4 Qf5 37. Rxb6 Rd7 38. Qe3 Rd1+ 39. Kh2 Rd7 40. c5 Rc7
41. c6 Qc8 42. Qe5 Kg8 43. Qd5+ Kf8 44. Rb7 Rxb7 45. cxb7 Qc7 46. Qe5 Qxb7 47.
Qh8+ 1-0

[Event "Torneo Italia-Argentina Match2"]
[Site "http://www.queenalice.com/game.php?id=501173"]
[Date "2008.12.1"]
[Round "-"]
[White "pajabraba69"]
[Black "wishyouwherehere"]
[Result "0-1"]
[WhiteElo "2009"]
[BlackElo "2017"]

1. e4 e5 2. Nf3 Nc6 3. Bb5 g6 4. O-O Bg7 5. c3 a6 6. Bxc6 dxc6 7. d4 exd4 8.
cxd4 Bg4 9. h3 Bxf3 10. Qxf3 Bxd4 11. Rd1 Qf6 12. Nd2 O-O-O 13. Re1 Bxb2 14.
Bxb2 Qxb2 15. Nc4 Qf6 16. Qb3 Qe6 17. Rab1 b5 18. Qa3 Qxc4 19. Qxa6+ Kd7 20.
Rbc1 Qe6 21. Rcd1+ Ke8 22. Rxd8+ Kxd8 23. Rd1+ Ke7 24. Qa3+ Kf6 25. f4 Kg7 26.
Qc3+ Qf6 27. e5 Qxf4 28. e6+ Qf6 29. Qxc6 Qxe6 30. Qxc7 Nf6 31. Qa7 Re8 32. Kh1
Qe2 33. Qd4 Qxa2 34. Rf1 Re6 35. h4 Qc4 36. Qf2 b4 37. h5 gxh5 38. Qg3+ Ng4 0-1

[Event "BOARD 3,DIV.F"]
[Site "http://www.queenalice.com/game.php?id=556885"]
[Date "2009.3.16"]
[Round "4"]
[White "deep"]
[Black "wishyouwherehere"]
[Result "0-1"]
[WhiteElo "2060"]
[BlackElo "1999"]

1. e4 e5 2. Nf3 d6 3. h3 Nf6 4. Nc3 c5 5. Bc4 Be7 6. d3 O-O 7. O-O Nc6 8. a3 Be6
9. Nd5 Nd4 10. c3 Nxf3+ 11. Qxf3 Nxd5 12. exd5 Bd7 13. Bb3 f5 14. Re1 Bg5 15.
Qh5 Bxc1 16. Raxc1 Qb6 17. Qd1 f4 18. Rb1 f3 19. Re3 fxg2 20. Kxg2 Rf6 21. Qc2
Raf8 22. Rf1 Rg6+ 23. Rg3 Rxg3+ 24. Kxg3 Qd8 25. Qc1 Rf4 26. Qe3 Bxh3 0-1

[Event "Challenge"]
[Site "http://www.queenalice.com/game.php?id=588526"]
[Date "2009.5.15"]
[Round "-"]
[White "wishyouwherehere"]
[Black "limonois"]
[Result "0-1"]
[WhiteElo "2048"]
[BlackElo "2351"]

1. d4 Nf6 2. c4 e5 3. dxe5 Ng4 4. Nf3 Nc6 5. Bf4 Bb4+ 6. Nc3 Qe7 7. Qd5 Bxc3+ 8.
bxc3 Qa3 9. Rc1 f6 10. exf6 Nxf6 11. Qd1 d6 12. Qb3 Qc5 13. Be3 Qa5 14. c5 dxc5
15. Ng5 Nd8 16. Rd1 Bd7 17. Qc4 Qa4 18. Qxa4 Bxa4 19. Rd3 h6 20. Nh3 b6 21. f3
Bb5 22. Rd2 Ke7 0-1